| 000 | 00562nam a2200193 i 4500 | ||
|---|---|---|---|
| 001 | 70281 | ||
| 003 | ES-MaACL | ||
| 005 | 20230906170756.0 | ||
| 007 | t| | ||
| 008 | 040721s1952 sp ||||1| spa d | ||
| 100 | 1 |
_aGarcía Rigal, Juan. _955176 |
|
| 245 | 1 | 3 |
_aEl tejedor de ensueños... / _cJuan García Rigal. |
| 260 |
_a[Valencia : _bs.n., _c1952] ( _fImp. Sucesor de Vives Mora) |
||
| 300 |
_a41 p. ; _c21 cm. |
||
| 490 | 1 | _aEl sobre literario | |
| 830 | 0 |
_aEl sobre literario _9184598 |
|
| 852 |
_aES-MaACL _j1942-F-5 _bR.32597 |
||
| 999 |
_c70281 _d70281 |
||